000 00550nam a22001937a 4500
003 KOHA_MİRAKIL
005 20260330093713.0
008 260330b tu ||||| |||| 00| 0 tur d
020 _a9786057592521
040 _aTR-AnABB
_btur
_cTR-AnABB
041 _atur
082 _a818.4208
_bSAH 2019
100 1 _aŞahin, Murat
245 1 0 _aDirenişin adı :
_bGültepe /
_cMurat Şahin
260 _aİstanbul :
_bHeyamola Yayınları,
_c2019
300 _a125 sayfa ;
_c20 cm
650 0 4 _aŞehir yazıları, İzmir
942 _2ddc
_cBK
999 _c10063
_d10063
900 _bCan ÇELIK